Intermediate Accounting: Volume 1 (Record no. 1422)
[ view plain ]
| 005 - DATE AND TIME OF LATEST TRANSACTION | |
|---|---|
| control field | 20250415084925.0 |
| 020 ## - INTERNATIONAL STANDARD BOOK NUMBER | |
| International Standard Book Number | 0-471-19121-3 |
| 082 ## - DEWEY DECIMAL CLASSIFICATION NUMBER | |
| Classification number | 657.046 KIE |
| 100 ## - MAIN ENTRY--PERSONAL NAME | |
| Author name | KIESO, D. E. |
| 245 ## - TITLE STATEMENT | |
| Title | Intermediate Accounting: Volume 1 |
| 250 ## - EDITION STATEMENT | |
| Edition statement | 9th Ed. |
| 260 ## - PUBLICATION, DISTRIBUTION, ETC. | |
| Place of publication, distribution, etc. | New York, |
| Name of publisher, distributor, etc. | John Wiley, |
| Date of publication, distribution, etc. | 1998. |
| 300 ## - PHYSICAL DESCRIPTION | |
| Extent | xxix, 763p.: ill.; table. |
| Other physical details | Bibliographical references, index. |
| Dimensions | 29cm. |
| 700 ## - ADDED ENTRY--PERSONAL NAME | |
| Other authors/Editors | WEYGANDT, J. J. |
| 942 ## - ADDED ENTRY ELEMENTS (KOHA) | |
| Source of classification or shelving scheme | Dewey Decimal Classification |
| Koha item type | Books |
| Date last seen | Total checkouts | Full call number | Barcode | Cost, replacement price | Price effective from | Koha item type | Lost status | Source of classification or shelving scheme | Damaged status | Not for loan | Withdrawn status | Home library | Current library | Shelving location | Date acquired | Cost, normal purchase price |
|---|---|---|---|---|---|---|---|---|---|---|---|---|---|---|---|---|
| 06/28/2025 | 657.04 KIE | DOM0001932 | 180000.00 | 06/28/2025 | Books | Dewey Decimal Classification | CBE Dodoma | CBE Dodoma | General Collection | 06/03/2009 | 60000.00 | |||||
| 04/15/2025 | 657.046 KIE | 0000005425 | 180000.00 | 04/15/2025 | Books | Dewey Decimal Classification | College of Business Education Main Library | College of Business Education Main Library | General Collection | 04/15/2025 | 60000.00 | |||||
| 04/15/2025 | 657.046 KIE | 0000005426 | 180000.00 | 04/15/2025 | Books | Dewey Decimal Classification | College of Business Education Main Library | College of Business Education Main Library | General Collection | 04/15/2025 | 60000.00 |
